000 00761nam a2200253 i 4500
003 EG-ScBUE
005 20250716100718.0
008 150629s2008 ii a f 000 0 eng d
020 _a8187815213
040 _aEG-ScBUE
_beng
_erda
_cEG-ScBUE
_dEG-ScBUE
082 0 4 _a541.37
_bGUP
_222
100 1 _aGupta, Monica,
_eauthor.
_939035
245 1 0 _aElectrochemistry /
_cMonica Gupta.
264 1 _aNew Delhi :
_bCampus Books,
_c2008.
300 _a286 pages ;
_billustrations ;
_c22 cm
336 _2rdacontent
_atext
_btxt
337 _2rdamedia
_aunmediated
_bn
338 _2rdacarrier
_avolume
_bnc
650 7 _aElectrochemistry.
_2BUEsh
_95748
651 _2BUEsh
653 _bENGGEN
_cJune2015
_cJanuary2016
655 _vReading book
942 _2ddc
_cBB
999 _c20068
_d20040